00349nam a2200157Ia 4500008004100000041000800041100001300049245002600062260003500088300000800123365001200131500000800143520001200151650000900163999001900172230605s2003 xx 000 0 und d aeng aKermally aThe Management Tookit bViva books Mumbai c2003c2003 a210 b156h20 a308 aGeneral aM.M. c417876d417876